| 000 | 01284cab a2200253 4500 | ||
|---|---|---|---|
| 001 | ABS54197 | ||
| 008 | 090401t1995 xxu||||| |||| 00| 0 eng d | ||
| 035 | _a(Sirsi) u8974 | ||
| 041 | _aeng | ||
| 245 | _aFriends` Provident Life Office v British Railways Board | ||
| 260 | _c1995 | ||
| 350 | _a0 | ||
| 490 |
_aEstates Gazette _v(1995) 48 EG 106-112(7) |
||
| 520 | _aCA 25 July 1995. The appellant landlord`s predecessor in title granted an underlease to the respondent`s statutory predecessor, British Transport Commission. A deed of variation in 1985 varied the terms of the underlease. The rent payable for the premises was increased from £12,000 to £35,000 pa. The court originally dismissed the landlord`s claim for arrears of rent against the respondent as original tenant, after a subsequent assignee defaulted payment. Landlord`s appeal allowed on grounds that respondent liable under the terms of its original covenant to pay the increased rent, or at least the original rent. | ||
| 650 | _aCOMMERCIAL LEASES | ||
| 650 | _aLEASES | ||
| 650 | _aORIGINAL TENANT | ||
| 650 | _aPERSONAL COVENANT | ||
| 650 | _aSURRENDER OF LEASE | ||
| 650 | _aVARIATION OF TERMS | ||
| 690 | _aLANDLORD AND TENANT-CASE LAW-BUSINESS TENANCIES | ||
| 942 | _n0 | ||
| 948 | _c04/03/1997 | ||
| 999 |
_c5560 _d5560 |
||